[Event "Natal Potiguar 3rd op"]
[Site "Natal"]
[Date "2008.07.05"]
[Round "4.13"]
[White "Jordao Barbosa, Marcio Ferre"]
[Black "Sa Francisco, Caninde"]
[Result "1-0"]
[WhiteElo "1838"]
[BlackElo "1791"]
[PlyCount "83"]
[EventDate "2008.07.03"]
[EventType "swiss"]
[EventRounds "7"]
[EventCountry "BRA"]
[SourceTitle "EXT 2022"]
[Source "ChessBase"]
[SourceDate "2021.10.06"]
[SourceVersion "1"]
[SourceVersionDate "2021.10.06"]
[SourceQuality "1"]

1. e4 e5 2. Nf3 Nc6 3. Bc4 Be7 4. 0-0 Nf6 5. Re1 0-0 6. a3 d6 7. h3 a6 8. Nc3 Bd7 9. d4 exd4 10. Nxd4 b5 11. Ba2 Rc8 12. Nd5 Nxd5 13. Bxd5 Nxd4 14. Qxd4 Bf6 15. Qd1 Re8 16. c3 Re7 17. Qf3 Qe8 18. Bd2 h6 19. Re2 c6 20. Ba2 Rc7 21. Bf4 Be5 22. Bxe5 Rxe5 23. Rae1 Be6 24. Bxe6 Qxe6 25. Qd3 Qf6 26. Rd1 Rd7 27. c4 g5 28. f3 Qe6 29. cxb5 axb5 30. Rc1 d5 31. Rd1 Re7 32. Rde1 Qg6 33. Kf2 Qf6 34. Qc3 R7e6 35. exd5 Rxe2+ 36. Rxe2 Rxe2+ 37. Kxe2 Qxc3 38. bxc3 c5 39. Kd3 Kf8 40. c4 b4 41. axb4 cxb4 42. c5 1-0

[Event "Natal Potiguar 3rd op"]
[Site "Natal"]
[Date "2008.07.03"]
[Round "1.7"]
[White "Sa Francisco, Caninde"]
[Black "Macedo, Alexandre Soares"]
[Result "0-1"]
[WhiteElo "1791"]
[BlackElo "2053"]
[PlyCount "60"]
[EventDate "2008.07.03"]
[EventType "swiss"]
[EventRounds "7"]
[EventCountry "BRA"]
[SourceTitle "EXT 2022"]
[Source "ChessBase"]
[SourceDate "2021.10.06"]
[SourceVersion "1"]
[SourceVersionDate "2021.10.06"]
[SourceQuality "1"]

1. e4 c5 2. Nf3 Nc6 3. Nc3 b6 4. d4 cxd4 5. Nxd4 Bb7 6. Be3 e6 7. Ndb5 d6 8. a4 a6 9. Na3 Nf6 10. Be2 d5 11. exd5 exd5 12. Bg5 d4 13. Ne4 Bb4+ 14. Nd2 0-0 15. 0-0 Ne5 16. Nac4 Qd5 17. Bf3 Nxf3+ 18. Qxf3 Qxg5 19. Qxb7 Bxd2 20. Qxb6 Rfd8 21. Ra3 Ne4 22. Rf3 Qd5 23. b3 Rdb8 24. Qc7 Rb7 25. Qe5 Qxe5 26. Nxe5 Re8 27. Nc4 Bc3 28. Rd3 Rbe7 29. f3 Nc5 30. Rdd1 Re2 0-1

[Event "TR Nordestao"]
[Site "Macaiba"]
[Date "2007.09.09"]
[Round "6.23"]
[White "Lucena, Helianto dos Santos"]
[Black "Sa Francisco, Caninde"]
[Result "0-1"]
[WhiteElo "1976"]
[BlackElo "1745"]
[PlyCount "76"]
[EventDate "2007.09.06"]
[EventType "swiss"]
[EventRounds "7"]
[EventCountry "BRA"]
[SourceTitle "EXT 2022"]
[Source "ChessBase"]
[SourceDate "2021.10.06"]
[SourceVersion "1"]
[SourceVersionDate "2021.10.06"]
[SourceQuality "1"]

1. d4 d5 2. e3 Bf5 3. c4 e6 4. Nc3 c6 5. Nf3 Nd7 6. cxd5 exd5 7. Be2 Bd6 8. Bd3 Bg4 9. Be2 Ngf6 10. h3 Bh5 11. Nd2 Bg6 12. Nf3 Rc8 13. 0-0 0-0 14. Nh4 Bb8 15. Nxg6 fxg6 16. Bf3 Qc7 17. g3 Rf7 18. e4 dxe4 19. Nxe4 Rcf8 20. Bf4 Qc8 21. Bxb8 Nxe4 22. Bxe4 Nxb8 23. Bc2 Rd7 24. Bb3+ Kh8 25. d5 cxd5 26. Qd2 Nc6 27. Rad1 d4 28. Qe2 Re7 29. Qc4 Ne5 30. Qd5 Qc6 31. Rc1 Nf3+ 32. Kg2 Qf6 33. Rcd1 b6 34. Qc4 Re5 35. Qc2 Rg5 36. Rd3 Re5 37. Rdd1 h5 38. Bc4 Qc6 0-1

[Event "TR Nordestao"]
[Site "Macaiba"]
[Date "2007.09.09"]
[Round "7.10"]
[White "Sa Francisco, Caninde"]
[Black "Braga, Jose Pereira"]
[Result "1-0"]
[WhiteElo "1745"]
[BlackElo "2071"]
[PlyCount "63"]
[EventDate "2007.09.06"]
[EventType "swiss"]
[EventRounds "7"]
[EventCountry "BRA"]
[SourceTitle "EXT 2022"]
[Source "ChessBase"]
[SourceDate "2021.10.06"]
[SourceVersion "1"]
[SourceVersionDate "2021.10.06"]
[SourceQuality "1"]

1. e4 d6 2. d4 Nf6 3. Bd3 c5 4. dxc5 dxc5 5. Nc3 Nc6 6. h3 g6 7. Be3 Bg7 8. Nf3 0-0 9. 0-0 Qc7 10. Qe2 b6 11. Rad1 Bb7 12. Nb5 Qb8 13. c3 a6 14. Na3 Qc7 15. Nh2 Nh5 16. Ng4 Ne5 17. Nxe5 Bxe5 18. Bh6 Rfd8 19. Nc4 Bh8 20. Qg4 b5 21. Ne3 Nf6 22. Qh4 c4 23. Bc2 e6 24. Bg5 Rxd1 25. Rxd1 Ne8 26. Ng4 Bg7 27. Bd8 Qc6 28. Qe7 Bf8 29. Qxe8 Qxe8 30. Nf6+ Kh8 31. Nxe8 Bh6 32. Nc7 1-0

[Event "TR Nordestao"]
[Site "Macaiba"]
[Date "2007.09.08"]
[Round "4.20"]
[White "Sa Francisco, Caninde"]
[Black "Oliveira, Raimundo Luiz"]
[Result "1-0"]
[WhiteElo "1745"]
[BlackElo "1768"]
[PlyCount "59"]
[EventDate "2007.09.06"]
[EventType "swiss"]
[EventRounds "7"]
[EventCountry "BRA"]
[SourceTitle "EXT 2022"]
[Source "ChessBase"]
[SourceDate "2021.10.06"]
[SourceVersion "1"]
[SourceVersionDate "2021.10.06"]
[SourceQuality "1"]

1. e4 d6 2. d4 g6 3. Bc4 Bg7 4. c3 Nf6 5. f3 a6 6. Ne2 c5 7. Be3 cxd4 8. cxd4 b5 9. Bb3 0-0 10. 0-0 Nc6 11. Nbc3 Na5 12. Bc2 Be6 13. b3 Rc8 14. Qd2 d5 15. e5 Ne8 16. Nf4 Qc7 17. Ncxd5 Bxd5 18. Nxd5 Qd8 19. Be4 f5 20. exf6 exf6 21. Nf4 Nc7 22. Qxa5 f5 23. Bb7 Rb8 24. Qb6 g5 25. Ne6 Rxb7 26. Qxb7 Nxe6 27. Qxa6 Nxd4 28. Rad1 Rf6 29. Rxd4 Qxd4 30. Qc8+ 1-0

[Event "TR Nordestao"]
[Site "Macaiba"]
[Date "2007.09.07"]
[Round "2.23"]
[White "Sa Francisco, Caninde"]
[Black "Vitoriano, Jose"]
[Result "0-1"]
[WhiteElo "1745"]
[BlackElo "1962"]
[PlyCount "78"]
[EventDate "2007.09.06"]
[EventType "swiss"]
[EventRounds "7"]
[EventCountry "BRA"]
[SourceTitle "EXT 2022"]
[Source "ChessBase"]
[SourceDate "2021.10.06"]
[SourceVersion "1"]
[SourceVersionDate "2021.10.06"]
[SourceQuality "1"]

1. e4 c6 2. d4 d5 3. e5 c5 4. Bb5+ Bd7 5. Bxd7+ Qxd7 6. dxc5 Na6 7. Nc3 e6 8. Nf3 Bxc5 9. 0-0 Ne7 10. a3 Ng6 11. Qe2 Nc7 12. Be3 Bxe3 13. Qxe3 Nb5 14. Ne2 a6 15. a4 Na7 16. Nc3 Nc6 17. Rad1 Qc7 18. Rfe1 0-0 19. Qg5 f6 20. exf6 Rxf6 21. Qg4 Qf4 22. Qg5 Raf8 23. Rd2 Qb4 24. Rb1 Nf4 25. Nh4 h6 26. Qg4 Ne5 27. Qd1 Nh3+ 28. gxh3 Qxh4 29. Kh1 Nf3 30. Rd3 Qxh3 31. Rxf3 Rxf3 32. Qf1 Qxf1+ 33. Rxf1 Rxf2 34. Rc1 Rf1+ 35. Rxf1 Rxf1+ 36. Kg2 Rc1 37. Kg3 Rxc2 38. Nd1 Rd2 39. Ne3 Rxb2 0-1